Meovv Members - Statistics

General Stats
  • This quiz has been taken 165 times
  • The average score is 5 of 5
Answer Stats
Picture Answer % Correct
Ella
99%
Anna
96%
Gawon
95%
Sooin
92%
Narin
91%
No matching quizzes found
Score Distribution
Percent of People with Each Score
Percentile by Number Answered
Your Score History
You have not taken this quiz